000 00350nam a22001457a 4500
003 OSt
005 20160727222405.0
008 160623b xxu||||| |||| 00| 0 eng d
040 _cTEST
100 _9834
_aChaudhuri, B.P
245 _aThe Battle of the Books
260 _aN.D
_bAarti Books
_c1984
300 _aThe Battle of the Books
942 _2ddc
_cBK
999 _c662
_d662